| 000 | 01439nam a2200349 a 4500 | ||
|---|---|---|---|
| 001 | ebr10577798 | ||
| 003 | CaPaEBR | ||
| 006 | m u | ||
| 007 | cr cn||||||||| | ||
| 008 | 850829s1983 onc sb 001 0 eng d | ||
| 020 | _z0717113108 (Gill and Macmillan) | ||
| 020 | _z0773503943 | ||
| 020 | _z9780773503946 | ||
| 020 | _z9780773585034 (e-book) | ||
| 040 |
_aCaPaEBR _cCaPaEBR |
||
| 035 | _a(OCoLC)764478627 | ||
| 043 | _ae-ie--- | ||
| 050 | 1 | 4 |
_aLC506.I73 _bT58 1983eb |
| 082 | 0 | 4 |
_a377/.09415 _219 |
| 100 | 1 | _aTitley, E. Brian. | |
| 245 | 1 | 0 |
_aChurch, state, and the control of schooling in Ireland, 1900-1944 _h[electronic resource] / _cE. Brian Titley. |
| 260 |
_aKingston [Ont.] : _bMcGill-Queen's University Press : _bGill and Macmillan, _cc1983. |
||
| 300 | _axi, 212 p. | ||
| 504 | _aIncludes bibliographical references and index. | ||
| 533 |
_aElectronic reproduction. _bPalo Alto, Calif. : _cebrary, _d2011. _nAvailable via World Wide Web. _nAccess may be limited to ebrary affiliated libraries. |
||
| 610 | 2 | 0 |
_aCatholic Church _xEducation _zIreland _xHistory _y20th century. |
| 650 | 0 |
_aChurch and education _zIreland _xHistory _y20th century. |
|
| 650 | 0 |
_aEducation _zIreland _xHistory _y20th century. |
|
| 655 | 7 |
_aElectronic books. _2local |
|
| 710 | 2 | _aebrary, Inc. | |
| 856 | 4 | 0 |
_uhttp://site.ebrary.com/lib/rucke/Doc?id=10577798 _zAn electronic book accessible through the World Wide Web; click to view |
| 999 |
_c189160 _d189160 |
||